000 00527nam a2200193 i 4500
001 bg
100 1 _aFLEMING, John F.
245 0 _aComputer analysis of structural systems /
_cJohn F. Fleming.
260 _aNew York [etc.] :
_bMcGraw-Hill,
_c1989.
300 _aXXVIII, 574 s. :
_brys., wykr. ;
_c24 cm.
650 9 _aKonstrukcje
_xbadanie
020 _a0070213011
040 _cBPK
041 _apol
080 _a624.01/.07:004
920 _a0-07-021301-1
942 _cKS
008 s pl f |000 0 pol
999 _c29139
_d29139
856 _uhttp://koha.tu.koszalin.pl/cgi-bin/koha/opac-detail.pl?biblionumber=29139
_yKatalog online BPK